000 00373nam a22001697a 4500
999 _c10666
_d10666
003 OSt
008 210614b ||||| |||| 00| 0 eng d
020 _a9789350144060
082 _a620.1 UPA
100 _aUPADHYAY,AK
245 _aApplied Mechanics
250 _5th
260 _aNew Delhi
_bKatson Books
_c2020
300 _a416
650 _aDE
_93
942 _2ddc
_cBK